| 000 | 00995nam0a22002531 4500 | ||
|---|---|---|---|
| 001 | rc\3639905 | ||
| 005 | 20250610085859.0 | ||
| 021 |
_aRU _b[71-65815] |
||
| 035 | _a(NLR Aleph) 007828842 | ||
| 090 |
_a7768434 _c7768434 |
||
| 100 | _a20130115d1971 |||y0rusy50 ca | ||
| 101 | 0 | _arus | |
| 102 | _aRU | ||
| 105 | _ay z ||||| | ||
| 200 | 1 |
_aМетоды Монте-Карло и их применения _eТезисы докл. на III Всесоюз. конф. по методам Монте-Карло. 30 авг. - 3 сент. 1971 г. _fАН СССР. Вычислит. центр СО АН СССР. Ин-т кибернетики АН ГССР |
|
| 210 |
_aНовосибирск _cБ. и. _d1971 |
||
| 215 |
_a169 с. _d20 |
||
| 320 | _aСписки лит. в конце докл. | ||
| 606 |
_aМонте-Карло метод _jТезисы докладов _2psbo |
||
| 801 | 0 |
_aRU _bNLR _gpsbo |
|
| 801 | 1 |
_aRU _bELAR _2rusmarc |
|
| 852 |
_aNLR _j71-3/5761 |
||
| 942 | _cBOOK | ||
| 980 | _aNB | ||